World history volume I : Prehistory to 1500

Bibliographic Details
Format: Book
Published: Connnecticut : The Dushkin Publishhing Group , 1993
Edition:2nd ed
Series:Annual edition
Subjects:

MARC

LEADER 00000cam a2200000 7i4500
001 0000001840
002 000002001
005 20000330.0
020 |a 1561341347 
090 0 0 |a 909   |b WOR 
245 0 0 |a World history volume I :   |b Prehistory to 1500   |c Edited by David McComb 
250 |a 2nd ed 
260 |a Connnecticut :   |b The Dushkin Publishhing Group ,   |c 1993 
300 |a 240p. :   |b ill. ;   |c 28cm. 
490 0 |a Annual edition 
650 0 0 |a World history   |x Periodicals 
999 |a 033735   |b BUKU   |c PINJAMAN   |e PERPUSTAKAAN KOMUNITI PETALING JAYA